000 00663nam a2200205 i 4500
001 116091
003 ES-MaACL
005 20230906190630.0
007 t|
008 061121s1946 ag r ||||1| spa d
100 1 _aPater, Walter.
_989556
245 1 0 _aPlatón y el platonismo /
_cWalter Pater ; traducción del inglés por Vicente P. Quintero ; nota preliminar por Ricardo Baeza.
260 _aBuenos Aires :
_bEmecé,
_c1946.
300 _a292 p. ;
_c18 cm.
600 0 4 _aPlatón.
_992598
700 1 _aQuintero, Vicente P.
_994722
700 1 _aBaeza, Ricardo,
_d1890-1956
_924620
852 _aES-MaACL
_jE-927
_bR.27255
999 _c116091
_d116091